MARC

LEADER 00000nam0a2200000 4500
001 117440
005 20231101215413.0
035 |a (RuTPU)RU\TPU\book\127118 
090 |a 117440 
100 |a 20070602d1980 m y0rusy50 ca 
101 1 |a rus  |c eng 
102 |a RU 
105 |a a z 001zy 
200 1 |a Электроника - от теории к практике  |e пер. с англ.  |f Дж. Э. Фишер, Х. Б. Гетланд 
210 |a Москва  |c Энергия  |d 1980 
215 |a 398 с. 
225 1 |a Массовая радиобиблиотека  |v Вып. 1023 
320 |9 572  |a Библиогр.: с. 391-393 
606 1 |a Электроника  |2 stltpush  |3 (RuTPU)RU\TPU\subj\20310  |9 45419 
610 1 |a полупроводники 
610 1 |a тиристоры 
610 1 |a однопереходные транзисторы 
610 1 |a полевые транзисторы 
610 1 |a интегральные схемы 
610 1 |a усилители 
610 1 |a источники питания 
610 1 |a генераторы 
610 1 |a цифровые устройства 
610 1 |a проектирование 
675 |a 621.38  |v 4 
700 1 |a Фишер  |b Дж. Э.  |g Джек Эдвард 
701 1 |a Гетланд  |b Х. Б.  |g Ховард Брус 
801 1 |a RU  |b 63413507  |c 20070602  |g PSBO 
801 2 |a RU  |b 63413507  |c 20210423  |g PSBO 
942 |c BK